| 000 | 00413nam a2200145 i 4500 | ||
|---|---|---|---|
| 001 | 99467 | ||
| 003 | ES-MaACL | ||
| 005 | 20230906182513.0 | ||
| 007 | t| | ||
| 008 | 050912s1923 sp ||||1| spa d | ||
| 100 | 1 |
_aMartín Salazar, Manuel. _977641 |
|
| 245 | 1 | 0 |
_aProblemas sanitarios sociales / _cManuel Martín Salazar. |
| 260 |
_aMadrid : _b[s.n.], _c1923 ( _fNieto y compañía) |
||
| 852 |
_aES-MaACL _j1646-F-3 |
||
| 999 |
_c99467 _d99467 |
||